000 00569nam a2200205 i 4500
001 52460
003 ES-MaACL
005 20250710062721.0
007 t|
008 030829s1958 fr ||||1| fre d
100 1 _aDavid, Claude.
_942869
245 1 2 _aL'allemagne de Hitler /
_cpar Claude David.
250 _a[2ยช ed.].
260 _aParis :
_bPresses Universitaires de France,
_c1958.
300 _a124 p. ;
_c18 cm.
490 1 _aQue sais-je? ;
_v624
830 0 0 _aQue sais-je?
_v624
_9180931
852 _aES-MaACL
_jC-15620
_bR.43448
999 _c52460
_d52460